Ipswich to Peterborough Train Stations - Statistics

General Stats
  • This quiz has been taken 22 times
  • The average score is 7 of 9
Answer Stats
Answer % Correct
Ely
93%
Ipswich
86%
March
86%
Peterborough
86%
Bury St Edmunds
71%
Stowmarket
71%
Manea
57%
Whittlesea
57%
Soham
50%
No matching quizzes found
Score Distribution
Percent of People with Each Score
Percentile by Number Answered
Your Score History
You have not taken this quiz